Which Country? - Statistics

General Stats
  • This quiz has been taken 42 times
  • The average score is 11 of 15
Answer Stats
Question Answer % Correct
Smallest Country of the world (by population and area) Vatican City
97%
Biggest Country in the world by area Russia
94%
With a flag not including red Finland
86%
Most populous Country in Africa Nigeria
86%
Not with a unique starting letter Zambia
83%
Asian Island Country Maldives
80%
Least densely populated Country of the world Mongolia
77%
Where Dutch is an official language Suriname
69%
Never hosted the Olympics Turkey
69%
Biggest Country by area starting with the letter S Saudi Arabia
63%
With a capital city starting with the letter P Vanuatu
63%
Most FIFA World Cup victories Argentina
57%
Where French isn‘t an official language Andorra
54%
Second most populous Country in South America Colombia
46%
Smallest Country in Africa by population Seychelles
46%
No matching quizzes found
Score Distribution
Percent of People with Each Score
Percentile by Number Answered
Your Score History
You have not taken this quiz